NBA Teams by Player #3 - Statistics

General Stats
  • This quiz has been taken 52 times
  • The average score is 37 of 40
Answer Stats
Hint Answer % Correct
Derrick Rose Chicago Bulls
100%
Scottie Pippen Chicago Bulls
100%
Scottie Pippen Chicago Bulls
100%
Kyrie Irving Cleveland Cavaliers
100%
Derrick Rose Cleveland Cavaliers
100%
Steve Nash Phoenix Suns
100%
Steve Nash Phoenix Suns
100%
Vince Carter Phoenix Suns
100%
Jason Kidd Phoenix Suns
100%
Kyrie Irving Boston Celtics
98%
Ray Allen Boston Celtics
98%
Kyrie Irving Brooklyn Nets
98%
Kyrie Irving Dallas Mavericks
98%
Steve Nash Dallas Mavericks
98%
Vince Carter Dallas Mavericks
98%
Jason Kidd Dallas Mavericks
98%
Jason Kidd Dallas Mavericks
98%
Paul George Los Angeles Clippers
98%
Vince Carter New Jersey Nets
98%
Jason Kidd New Jersey Nets
98%
Paul George Philadelphia 76ers
95%
Steve Nash Los Angeles Lakers
93%
Ray Allen Miami Heat
93%
Ray Allen Milwaukee Bucks
93%
Derrick Rose New York Knicks
93%
Derrick Rose New York Knicks
93%
Jason Kidd New York Knicks
93%
Vince Carter Toronto Raptors
93%
Paul George Indiana Pacers
91%
Derrick Rose Minnesota Timberwolves
91%
Scottie Pippen Houston Rockets
88%
Derrick Rose Memphis Grizzlies
88%
Vince Carter Memphis Grizzlies
88%
Paul George Oklahoma City Thunder
88%
Vince Carter Atlanta Hawks
86%
Ray Allen Seattle SuperSonics
81%
Scottie Pippen Trail Blazers
81%
Vince Carter Orlando Magic
79%
Derrick Rose Detroit Pistons
67%
Vince Carter Sacramento Kings
60%
No matching quizzes found
Score Distribution
Percent of People with Each Score
Percentile by Number Answered
Your Score History
You have not taken this quiz